000 00271nam a2200109 4500
008 160629b xxu||||| |||| 00| 0 eng d
100 _91358
_a Pandey, S.N., et al
245 _aPlant Physiology
260 _aD
_bVikas
_c2004
300 _aPlant Physiology
942 _2ddc
_cBK
999 _c1118
_d1118